[Event "English Senior 60+ Championship"]
[Site "Harrow High School"]
[Date "2016.04.06"]
[Round "3.2"]
[White "Burnett, Jim"]
[Black "Cullen, Anthony P"]
[Result "1/2-1/2"]
[WhiteElo "2108"]
[BlackElo "2095"]
[PlyCount "59"]
[EventDate "2016.04.04"]
[EventType "swiss"]
[EventRounds "5"]
[EventCountry "ENG"]
[Source "John Saunders"]
[SourceDate "2016.04.28"]
[WhiteClock "0:36:10"]
[BlackClock "0:57:03"]

1. d4 Nf6 2. c4 g6 3. g3 Bg7 4. Bg2 d5 5. Nf3 dxc4 6. O-O O-O 7. Na3 Nbd7 8.
Nxc4 Nb6 9. Nfe5 Nxc4 10. Nxc4 Nd5 11. e3 c6 12. Qe2 Nb6 13. Rd1 Nxc4 14. Qxc4
e5 15. d5 cxd5 16. Bxd5 Be6 17. e4 Rc8 18. Qe2 Bxd5 19. Rxd5 Qe7 20. Be3 b6 21.
Rad1 Rfd8 22. Rxd8+ Rxd8 23. Rxd8+ Qxd8 24. Qd2 Qxd2 25. Bxd2 Kf8 26. Kf1 Ke8
27. Ke2 Kd7 28. Bc3 f6 29. Kd3 Bf8 30. f3 1/2-1/2

[Event "English Senior 60+ Championship"]
[Site "Harrow High School"]
[Date "2016.04.06"]
[Round "3.3"]
[White "Norman, Kenneth I"]
[Black "Jackson, Oliver A"]
[Result "0-1"]
[WhiteElo "2095"]
[BlackElo "2064"]
[PlyCount "60"]
[EventDate "2016.04.04"]
[EventType "swiss"]
[EventRounds "5"]
[EventCountry "ENG"]
[Source "John Saunders"]
[SourceDate "2016.04.28"]
[WhiteClock "0:39:43"]
[BlackClock "0:37:54"]

1. Nf3 d6 2. d4 Nf6 3. c4 Nbd7 4. Nc3 g6 5. g3 Bg7 6. Bg2 O-O 7. O-O e5 8. e4
Re8 9. h3 c6 10. Be3 a6 11. dxe5 dxe5 12. Qc2 b5 13. c5 Qe7 14. a4 b4 15. Na2
b3 16. Qxb3 Nxe4 17. Qc2 Nexc5 18. Rac1 Ne6 19. Qxc6 Rb8 20. b4 Bb7 21. Qc4 e4
22. Nd2 Ne5 23. Qb3 f5 24. Rfd1 Kh8 25. Rb1 g5 26. Nc4 f4 27. Ba7 Ra8 28. Bb6
e3 29. fxe3 Bxg2 30. Kxg2 Qb7+ 0-1

[Event "English Senior 60+ Championship"]
[Site "Harrow High School"]
[Date "2016.04.06"]
[Round "3.4"]
[White "Berry, Stephen H"]
[Black "Dickson, George A"]
[Result "1-0"]
[WhiteElo "2292"]
[BlackElo "2009"]
[PlyCount "47"]
[EventDate "2016.04.04"]
[EventType "swiss"]
[EventRounds "5"]
[EventCountry "ENG"]
[Source "John Saunders"]
[SourceDate "2016.04.28"]
[WhiteClock "0:57:32"]
[BlackClock "0:37:19"]

1. c4 Nf6 2. Nc3 c5 3. g3 Nc6 4. Bg2 g6 5. Nf3 Bg7 6. d4 cxd4 7. Nxd4 O-O 8.
O-O a6 9. c5 d5 10. cxd6 Nxd4 11. dxe7 Nf3+ 12. Bxf3 Qxe7 13. Qb3 Rb8 14. Bf4
Be6 15. Qb6 Nd7 16. Qe3 Rbd8 17. Rad1 Qc5 18. Qxc5 Nxc5 19. Bd6 Rxd6 20. Rxd6
Be5 21. Rd2 b5 22. Rc1 b4 23. Nd5 Bxd5 24. Rxd5 1-0

[Event "English Senior 60+ Championship"]
[Site "Harrow High School"]
[Date "2016.04.06"]
[Round "3.5"]
[White "Myall, Ivan J"]
[Black "Stimpson, Philip M"]
[Result "1-0"]
[WhiteElo "2064"]
[BlackElo "1978"]
[PlyCount "187"]
[EventDate "2016.04.04"]
[EventType "swiss"]
[EventRounds "5"]
[EventCountry "ENG"]
[Source "John Saunders"]
[SourceDate "2016.04.28"]
[WhiteClock "0:13:56"]
[BlackClock "0:11:39"]

1. d4 Nf6 2. c4 e6 3. Nc3 d5 4. Bg5 c6 5. cxd5 exd5 6. e3 h6 7. Bh4 Bf5 8. Nf3
Be7 9. Ne5 Nbd7 10. Nd3 Ne4 11. Bxe7 Qxe7 12. Be2 O-O 13. O-O Rfe8 14. Rc1 Qh4
15. Nxe4 Bxe4 16. Ne1 Nf6 17. Rc3 Rad8 18. b4 a6 19. a4 Ra8 20. f3 Bg6 21. g3
Qh3 22. Ng2 Qd7 23. Qb3 Rec8 24. Rfc1 Bf5 25. g4 Be6 26. Nf4 Re8 27. b5 cxb5
28. axb5 a5 29. b6 Qd6 30. Bb5 Bd7 31. Bxd7 Nxd7 32. Qxd5 Qxd5 33. Nxd5 Rab8
34. Ra3 Re6 35. Rb1 Nf6 36. Nc7 Rc6 37. Rxa5 Nd7 38. Nd5 Rc2 39. Rba1 Rb2 40.
Ra8 Rb1+ 41. Rxb1 Rxa8 42. Rc1 Ra6 43. Rc8+ Kh7 44. Rc7 Nxb6 45. Nxb6 Rxb6 46.
Rxf7 Kg6 47. Rc7 Rb2 48. d5 b5 49. d6 Kf6 50. Rb7 g5 51. Rh7 Kg6 52. Rh8 Rd2
53. Rb8 Rxd6 54. Rxb5 Rd2 55. f4 gxf4 56. exf4 Rd4 57. Rf5 Rd2 58. h3 Ra2 59.
Rb5 Ra4 60. Rb6+ Kg7 61. f5 Ra2 62. Rg6+ Kh7 63. h4 Rb2 64. g5 hxg5 65. hxg5
Rb5 66. Rf6 Kg7 67. Kg2 Rb3 68. Rg6+ Kf7 69. Ra6 Rb5 70. g6+ Kg8 71. Ra8+ Kg7
72. Ra7+ Kg8 73. Rf7 Rb3 74. f6 Rb5 75. Kf3 Rg5 76. Rg7+ Kf8 77. Kf4 Rg1 78.
Ke5 Re1+ 79. Kd6 Rd1+ 80. Kc7 Rf1 81. Rf7+ Kg8 82. Kd8 Rg1 83. Rg7+ Kf8 84. Kc8
Rg2 85. Kd8 Rg1 86. Rf7+ Kg8 87. Ke8 Rxg6 88. Rf8+ Kh7 89. Kf7 Rg1 90. Ra8 Rb1
91. Kf8 Kg6 92. f7 Kh7 93. Ke7 Re1+ 94. Kd6 1-0

[Event "English Senior 60+ Championship"]
[Site "Harrow High School"]
[Date "2016.04.06"]
[Round "3.6"]
[White "Calvert, D Ian"]
[Black "Habershon, Paul F"]
[Result "1/2-1/2"]
[WhiteElo "1963"]
[BlackElo "2036"]
[PlyCount "62"]
[EventDate "2016.04.04"]
[EventType "swiss"]
[EventRounds "5"]
[EventCountry "ENG"]
[Source "John Saunders"]
[SourceDate "2016.04.28"]
[WhiteClock "0:45:21"]
[BlackClock "0:27:03"]

1. b3 c5 2. Bb2 Nc6 3. Nf3 Nf6 4. c4 d6 5. d4 cxd4 6. Nxd4 g6 7. g3 Bg7 8. Bg2
Bd7 9. O-O O-O 10. Nc3 a6 11. Nd5 Nxd5 12. cxd5 Nxd4 13. Bxd4 Qa5 14. Bxg7 Kxg7
15. Qd4+ Kg8 16. Rfc1 Rfc8 17. Qb2 Qb5 18. e3 a5 19. Rxc8+ Rxc8 20. Rc1 Rxc1+
21. Qxc1 Qe2 22. a3 Qd3 23. b4 a4 24. h4 Bf5 25. e4 Bxe4 26. Bxe4 Qxe4 27. Qc8+
Kg7 28. Qxb7 Qe1+ 29. Kg2 Qe4+ 30. Kg1 Qe1+ 31. Kg2 Qe4+ 1/2-1/2

[Event "English Senior 60+ Championship"]
[Site "Harrow High School"]
[Date "2016.04.06"]
[Round "3.7"]
[White "Faulks, Nick W"]
[Black "Fenwick, Hugh F"]
[Result "0-1"]
[WhiteElo "2031"]
[BlackElo "1904"]
[PlyCount "70"]
[EventDate "2016.04.04"]
[EventType "swiss"]
[EventRounds "5"]
[EventCountry "ENG"]
[Source "John Saunders"]
[SourceDate "2016.04.28"]
[WhiteClock "0:27:01"]
[BlackClock "0:23:08"]

1. e4 e6 2. d4 d5 3. Nc3 Bb4 4. e5 b6 5. Qg4 Bf8 6. h4 h6 7. h5 Ba6 8. Nb5 Ne7
9. a4 Nc8 10. Nf3 c6 11. Nd6+ Nxd6 12. exd6 Bxf1 13. Kxf1 Qxd6 14. Ne5 Nd7 15.
Bf4 Nxe5 16. Bxe5 Qd7 17. Rh3 f6 18. Bh2 Rc8 19. Re3 e5 20. Qg6+ Qf7 21. dxe5
Qxg6 22. hxg6 Bc5 23. Rf3 O-O 24. exf6 Rxf6 25. Rxf6 gxf6 26. Re1 Kg7 27. g4
Kxg6 28. f4 Kf7 29. f5 Rg8 30. Re6 Rxg4 31. Rxc6 Rxa4 32. Rc7+ Ke8 33. Rc8+ Kd7
34. Rc7+ Kd8 35. Rf7 Be7 0-1

[Event "English Senior 60+ Championship"]
[Site "Harrow High School"]
[Date "2016.04.06"]
[Round "3.8"]
[White "Young, Mel J"]
[Black "Millward, David J"]
[Result "1/2-1/2"]
[WhiteElo "1902"]
[BlackElo "1877"]
[PlyCount "35"]
[EventDate "2016.04.04"]
[EventType "swiss"]
[EventRounds "5"]
[EventCountry "ENG"]
[Source "John Saunders"]
[SourceDate "2016.04.28"]

1. e4 d5 2. exd5 Qxd5 3. Nc3 Qd6 4. d4 Nf6 5. Nge2 c6 6. Bf4 Qd8 7. Qd2 Nbd7 8.
O-O-O e6 9. a3 Nb6 10. Ng3 Bd6 11. Bxd6 Qxd6 12. f3 Nbd5 13. Nce4 Qf4 14. Qxf4
Nxf4 15. c4 Ke7 16. Ne2 Nxe2+ 17. Bxe2 Nxe4 18. fxe4 1/2-1/2

[Event "English Senior 60+ Championship"]
[Site "Harrow High School"]
[Date "2016.04.07"]
[Round "4.1"]
[White "Chandler, Cliff R"]
[Black "Jackson, Oliver A"]
[Result "1/2-1/2"]
[WhiteElo "2258"]
[BlackElo "2064"]
[PlyCount "39"]
[EventDate "2016.04.04"]
[EventType "swiss"]
[EventRounds "5"]
[EventCountry "ENG"]
[Source "John Saunders"]
[SourceDate "2016.04.28"]
[WhiteClock "0:56:26"]
[BlackClock "0:41:36"]

1. e4 c5 2. d4 cxd4 3. c3 Nf6 4. e5 Nd5 5. Nf3 e6 6. cxd4 Bb4+ 7. Bd2 Bxd2+ 8.
Qxd2 O-O 9. Bd3 b6 10. Nc3 Nxc3 11. bxc3 Ba6 12. Be4 Nc6 13. Ng5 h6 14. Nh7 Re8
15. Nf6+ gxf6 16. Qxh6 f5 17. h4 fxe4 18. Rh3 Ne7 19. Rg3+ Ng6 20. Rxg6+
1/2-1/2

[Event "English Senior 60+ Championship"]
[Site "Harrow High School"]
[Date "2016.04.07"]
[Round "4.2"]
[White "Berry, Stephen H"]
[Black "Burnett, Jim"]
[Result "1-0"]
[WhiteElo "2292"]
[BlackElo "2108"]
[PlyCount "75"]
[EventDate "2016.04.04"]
[EventType "swiss"]
[EventRounds "5"]
[EventCountry "ENG"]
[Source "John Saunders"]
[SourceDate "2016.04.28"]
[WhiteClock "0:10:27"]
[BlackClock "0:19:20"]

1. c4 e6 2. g3 d5 3. Bg2 Nf6 4. Nf3 Be7 5. O-O O-O 6. b3 c6 7. Bb2 Nbd7 8. d3
b6 9. Nbd2 Bb7 10. Qc2 Rc8 11. Rad1 Qc7 12. e4 Rfd8 13. Rfe1 Qb8 14. e5 Ne8 15.
h4 a5 16. Nf1 b5 17. Ne3 bxc4 18. bxc4 Nf8 19. Rb1 Qa7 20. Rec1 Nd7 21. Qe2 Rb8
22. Bc3 Ba8 23. d4 a4 24. c5 Nc7 25. Qd2 Nb5 26. Bf1 Nxc3 27. Qxc3 Re8 28. Bd3
f5 29. exf6 Bxf6 30. Ng4 Qc7 31. Qc2 h6 32. Nxf6+ gxf6 33. Qxa4 e5 34. dxe5
Nxe5 35. Qf4 Qg7 36. Bf5 Nxf3+ 37. Qxf3 Bb7 38. Rb4 1-0

[Event "English Senior 60+ Championship"]
[Site "Harrow High School"]
[Date "2016.04.07"]
[Round "4.3"]
[White "Cullen, Anthony P"]
[Black "Bowmer, Kevin"]
[Result "1-0"]
[WhiteElo "2095"]
[BlackElo "2086"]
[PlyCount "55"]
[EventDate "2016.04.04"]
[EventType "swiss"]
[EventRounds "5"]
[EventCountry "ENG"]
[Source "John Saunders"]
[SourceDate "2016.04.28"]
[WhiteClock "0:38:27"]
[BlackClock "0:06:52"]

1. d4 Nf6 2. c4 g6 3. f3 Bg7 4. e4 d6 5. Nc3 c6 6. Be3 a6 7. Bd3 b5 8. e5 Nfd7
9. f4 O-O 10. Nf3 Nb6 11. cxb5 axb5 12. O-O b4 13. Ne4 Ba6 14. Bxa6 Nxa6 15.
Nfg5 Nd5 16. Qf3 Nac7 17. Nxh7 Kxh7 18. Ng5+ Kg8 19. Qh3 Re8 20. f5 Nf6 21.
fxg6 fxg6 22. exf6 exf6 23. Qh7+ Kf8 24. Qxg6 Qe7 25. Nh7+ Kg8 26. Nxf6+ Qxf6
27. Rxf6 Rxe3 28. Raf1 1-0

[Event "English Senior 60+ Championship"]
[Site "Harrow High School"]
[Date "2016.04.07"]
[Round "4.4"]
[White "Fenwick, Hugh F"]
[Black "Myall, Ivan J"]
[Result "1-0"]
[WhiteElo "1904"]
[BlackElo "2064"]
[PlyCount "161"]
[EventDate "2016.04.04"]
[EventType "swiss"]
[EventRounds "5"]
[EventCountry "ENG"]
[Source "John Saunders"]
[SourceDate "2016.04.28"]
[WhiteClock "0:22:06"]
[BlackClock "0:03:57"]

1. c4 Nf6 2. g3 c6 3. Bg2 d5 4. b3 Bf5 5. Bb2 e6 6. Nf3 h6 7. O-O Be7 8. d3 O-O
9. Nbd2 Bh7 10. Re1 Na6 11. Rc1 Qb6 12. a3 Ng4 13. Rf1 Bf6 14. Bxf6 Nxf6 15.
Qc2 c5 16. Qb2 d4 17. Rb1 Rad8 18. b4 Qd6 19. bxc5 Nxc5 20. Nb3 Nxb3 21. Qxb3
b6 22. Qa4 Rd7 23. Rfc1 Rc7 24. Rb5 Nd7 25. Nd2 Nc5 26. Qb4 Rd8 27. a4 a5 28.
Qa3 Na6 29. Qb2 Nb4 30. Nb3 Bg6 31. c5 bxc5 32. Nxa5 Qe7 33. Nb3 Rdc8 34. a5 f6
35. Rb6 e5 36. Bh3 Ra8 37. Re6 Qf8 38. Bg2 Raa7 39. Rb6 Bf7 40. Nd2 Kh7 41. Ra1
Bd5 42. Ne4 Bxe4 43. Bxe4+ f5 44. Bf3 Qe7 45. Qb3 Rc8 46. Bd5 Qc7 47. Be6 Rf8
48. Qa4 e4 49. Qb5 exd3 50. exd3 f4 51. Rc1 fxg3 52. hxg3 Qe5 53. Qxc5 Qxc5 54.
Rxc5 Nxd3 55. Bf5+ Rxf5 56. Rxf5 Nc1 57. Rd6 d3 58. Rc5 Nb3 59. Rc3 Nxa5 60.
Rdxd3 Rf7 61. Rd5 Nb7 62. Rb3 Kg6 63. Kg2 Kh7 64. Kh3 Rc7 65. Rbb5 Rf7 66. f4
Rc7 67. Kg4 Re7 68. Kf5 Kg8 69. Kg4 Kf7 70. Kf3 Kg8 71. f5 Kf7 72. Kf4 Rc7 73.
Ke5 Re7+ 74. Kd4 Rc7 75. Rb6 Ke7 76. Re6+ Kf7 77. Rg6 Re7 78. Kc4 Kf8 79. Kb5
Kf7 80. Ka6 Kf8 81. Rb6 1-0

[Event "English Senior 60+ Championship"]
[Site "Harrow High School"]
[Date "2016.04.07"]
[Round "4.5"]
[White "Habershon, Paul F"]
[Black "Young, Mel J"]
[Result "1/2-1/2"]
[WhiteElo "2036"]
[BlackElo "1902"]
[PlyCount "70"]
[EventDate "2016.04.04"]
[EventType "swiss"]
[EventRounds "5"]
[EventCountry "ENG"]
[Source "John Saunders"]
[SourceDate "2016.04.28"]
[WhiteClock "0:10:20"]
[BlackClock "0:16:32"]

1. Nf3 f5 2. c4 Nf6 3. g3 e6 4. Bg2 d5 5. O-O c6 6. b3 Bd6 7. Bb2 O-O 8. d4 Qe8
9. e3 Nbd7 10. Nbd2 Ne4 11. Ne5 Nxd2 12. Qxd2 Nxe5 13. dxe5 Be7 14. Rac1 a5 15.
Qc2 Rf7 16. Rfd1 Bd7 17. Rd3 Qb8 18. Rcd1 a4 19. Qc3 axb3 20. axb3 Bc8 21. Rc1
Rf8 22. Rdd1 Ba3 23. Ra1 Bxb2 24. Qxb2 Rxa1 25. Rxa1 b6 26. f4 Rf7 27. Qa3 Rd7
28. Qa8 Qxa8 29. Rxa8 Rc7 30. Rb8 dxc4 31. bxc4 b5 32. cxb5 cxb5 33. Rxb5 Rc1+
34. Kf2 Rc2+ 35. Kg1 Rc1+ 1/2-1/2

[Event "English Senior 60+ Championship"]
[Site "Harrow High School"]
[Date "2016.04.07"]
[Round "4.6"]
[White "Phillips, William"]
[Black "Calvert, D Ian"]
[Result "0-1"]
[WhiteElo "1872"]
[BlackElo "1963"]
[PlyCount "89"]
[EventDate "2016.04.04"]
[EventType "swiss"]
[EventRounds "5"]
[EventCountry "ENG"]
[Source "John Saunders"]
[SourceDate "2016.04.28"]
[WhiteClock "0:18:57"]
[BlackClock "0:51:09"]

1. d4 d5 2. Nf3 Nf6 3. c4 c5 4. e3 cxd4 5. exd4 g6 6. Nc3 Bg7 7. cxd5 O-O 8.
Bc4 a6 9. a4 Nbd7 10. d6 exd6 11. O-O Nb6 12. Bd3 Be6 13. Re1 Qd7 14. Bf4 Nbd5
15. Nxd5 Bxd5 16. Rc1 Rac8 17. b4 Rxc1 18. Qxc1 Rc8 19. Qe3 Re8 20. Qd2 Ne4 21.
Bxe4 Rxe4 22. Rxe4 Bxe4 23. a5 Bxf3 24. gxf3 d5 25. Bb8 Qf5 26. Qc3 Bf6 27. Be5
Kg7 28. Qe3 h6 29. f4 g5 30. fxg5 Qxg5+ 31. Qxg5+ hxg5 32. Bxf6+ Kxf6 33. f3
Kf5 34. Kf2 Kf4 35. Ke2 f5 36. Kf2 g4 37. Ke2 gxf3+ 38. Kf2 Ke4 39. h4 Kxd4 40.
Kxf3 Ke5 41. Ke3 Kf6 42. Kf4 d4 43. Kf3 Kg6 44. Ke2 f4 45. Kd3 0-1

[Event "English Senior 60+ Championship"]
[Site "Harrow High School"]
[Date "2016.04.07"]
[Round "4.9"]
[White "Millward, David J"]
[Black "Stimpson, Philip M"]
[Result "1/2-1/2"]
[WhiteElo "1877"]
[BlackElo "1978"]
[PlyCount "64"]
[EventDate "2016.04.04"]
[EventType "swiss"]
[EventRounds "5"]
[EventCountry "ENG"]
[Source "John Saunders"]
[SourceDate "2016.04.28"]

1. e4 d5 2. exd5 Nf6 3. d4 Bg4 4. Be2 Bxe2 5. Qxe2 Qxd5 6. Nf3 e6 7. O-O Nc6 8.
Rd1 O-O-O 9. c4 Qh5 10. Nc3 h6 11. Bf4 Bd6 12. Bxd6 Rxd6 13. Ne5 Qxe2 14. Nxe2
Nxe5 15. dxe5 Rxd1+ 16. Rxd1 Ng4 17. f4 Ne3 18. Rd4 c5 19. Rd2 Rd8 20. Rxd8+
Kxd8 21. b3 Nc2 22. Kf2 Kd7 23. Nc3 Kc6 24. Kf3 a6 25. Ke4 h5 26. g3 Nd4 27.
Ke3 b5 28. Kd3 Nf3 29. h4 Nd4 30. Ne4 Nf5 31. Kc3 Ne3 32. Kd3 Nf5 1/2-1/2

[Event "English Senior 60+ Championship"]
[Site "Harrow High School"]
[Date "2016.04.08"]
[Round "5.1"]
[White "Jackson, Oliver A"]
[Black "Cullen, Anthony P"]
[Result "1-0"]
[WhiteElo "2064"]
[BlackElo "2095"]
[PlyCount "33"]
[EventDate "2016.04.04"]
[EventType "swiss"]
[EventRounds "5"]
[EventCountry "ENG"]
[Source "John Saunders"]
[SourceDate "2016.04.28"]
[WhiteClock "1:26:32"]
[BlackClock "1:17:44"]

1. e4 c6 2. d4 d5 3. Nc3 dxe4 4. Nxe4 Bf5 5. Ng3 Bg6 6. h4 h6 7. N1e2 Nf6 8.
Nf4 Bh7 9. Bc4 e6 10. O-O Bd6 11. Re1 O-O 12. c3 Nbd7 13. Nxe6 Qb8 14. Nxf8
Bxg3 15. Nxd7 Bxf2+ 16. Kxf2 Nxd7 17. Qf3 1-0

[Event "English Senior 60+ Championship"]
[Site "Harrow High School"]
[Date "2016.04.08"]
[Round "5.2"]
[White "Fenwick, Hugh F"]
[Black "Chandler, Cliff R"]
[Result "0-1"]
[WhiteElo "1904"]
[BlackElo "2258"]
[PlyCount "58"]
[EventDate "2016.04.04"]
[EventType "swiss"]
[EventRounds "5"]
[EventCountry "ENG"]
[Source "John Saunders"]
[SourceDate "2016.04.28"]
[WhiteClock "0:20:13"]
[BlackClock "0:58:41"]

1. c4 e5 2. g3 Nc6 3. Bg2 Nf6 4. Nc3 Bc5 5. d3 d6 6. Nf3 h6 7. O-O O-O 8. Nd2
a6 9. Nde4 Nxe4 10. Nxe4 Ba7 11. Nc3 f5 12. Nd5 Nd4 13. e3 Ne6 14. Nc3 c6 15.
Bd2 Bd7 16. Ne2 Qe7 17. Qc2 Be8 18. Rae1 Bh5 19. Bc1 Rae8 20. Kh1 g5 21. f4
exf4 22. exf4 Nd4 23. Nxd4 Qxe1 24. Rxe1 Rxe1+ 25. Bf1 Bxd4 26. Kg2 Rfe8 27.
Bd2 Bf3+ 28. Kxf3 Rxf1+ 29. Kg2 Rf2+ 0-1

[Event "English Senior 60+ Championship"]
[Site "Harrow High School"]
[Date "2016.04.08"]
[Round "5.3"]
[White "Calvert, D Ian"]
[Black "Berry, Stephen H"]
[Result "0-1"]
[WhiteElo "1963"]
[BlackElo "2292"]
[PlyCount "68"]
[EventDate "2016.04.04"]
[EventType "swiss"]
[EventRounds "5"]
[EventCountry "ENG"]
[Source "John Saunders"]
[SourceDate "2016.04.28"]
[WhiteClock "0:52:29"]
[BlackClock "0:41:39"]

1. b3 e5 2. Bb2 d6 3. e3 Nf6 4. d4 exd4 5. Qxd4 Nc6 6. Bb5 Be7 7. Nf3 O-O 8.
Bxc6 bxc6 9. O-O c5 10. Qd3 Bb7 11. Nbd2 Re8 12. c4 Nd7 13. Rad1 Bf6 14. Qc2
Ne5 15. Nxe5 Bxe5 16. Bxe5 Rxe5 17. e4 Qe7 18. f3 Re8 19. g4 h5 20. h3 Qh4 21.
Kg2 f5 22. gxf5 Rxf5 23. f4 Rxf4 24. Rxf4 Qxf4 25. Rf1 Bxe4+ 26. Nxe4 Qxe4+ 27.
Qxe4 Rxe4 28. Kf3 Re5 29. Rb1 Kf7 30. b4 cxb4 31. Rxb4 a5 32. Ra4 g5 33. Ra3
Rc5 34. Kg3 Kg6 0-1

[Event "English Senior 60+ Championship"]
[Site "Harrow High School"]
[Date "2016.04.08"]
[Round "5.4"]
[White "Burnett, Jim"]
[Black "Myall, Ivan J"]
[Result "1-0"]
[WhiteElo "2108"]
[BlackElo "2064"]
[PlyCount "74"]
[EventDate "2016.04.04"]
[EventType "swiss"]
[EventRounds "5"]
[EventCountry "ENG"]
[Source "John Saunders"]
[SourceDate "2016.04.28"]
[WhiteClock "0:08:31"]
[BlackClock "0:01:25"]

1. d4 Nf6 2. c4 e5 3. dxe5 Ng4 4. e3 Nxe5 5. Nh3 Ng6 6. Be2 Nc6 7. O-O Bc5 8.
Nc3 O-O 9. Na4 Be7 10. e4 d6 11. Nf4 Nxf4 12. Bxf4 Bf6 13. Be3 Re8 14. f3 Ne7
15. Qd2 Ng6 16. Rad1 Qe7 17. Rfe1 a6 18. Bf1 Bd7 19. Nc3 Bxc3 20. Qxc3 Bc6 21.
c5 dxc5 22. Qxc5 Qxc5 23. Bxc5 Nf4 24. Be3 Ne6 25. Bc4 Rad8 26. Kf2 Rd7 27.
Rxd7 Bxd7 28. Rd1 Bc6 29. Rc1 a5 30. Bd5 Nd8 31. Rc5 a4 32. Ra5 b6 33. Bxc6
Nxc6 34. Rxa4 b5 35. Ra3 Ne5 36. Rc3 c6 37. Bd4 f6 1-0

[Event "English Senior 60+ Championship"]
[Site "Harrow High School"]
[Date "2016.04.08"]
[Round "5.5"]
[White "Bowmer, Kevin"]
[Black "Faulks, Nick W"]
[Result "0-1"]
[WhiteElo "2086"]
[BlackElo "2031"]
[PlyCount "94"]
[EventDate "2016.04.04"]
[EventType "swiss"]
[EventRounds "5"]
[EventCountry "ENG"]
[Source "John Saunders"]
[SourceDate "2016.04.28"]
[WhiteClock "0:16:44"]
[BlackClock "0:30:57"]

1. e4 c5 2. Nf3 e6 3. d4 cxd4 4. Nxd4 a6 5. Bd3 Bc5 6. Nb3 Be7 7. O-O Qc7 8. c4
Nf6 9. Nc3 d6 10. f4 h5 11. Qe2 Nbd7 12. Bd2 b6 13. Rae1 Bb7 14. Kh1 h4 15. Nd4
Nc5 16. Nf3 h3 17. g3 Nxd3 18. Qxd3 O-O-O 19. Be3 Ng4 20. Na4 Nxe3 21. Qxe3 Bc6
22. Nxb6+ Kb7 23. Nd5 exd5 24. exd5 Bf6 25. dxc6+ Qxc6 26. Qd3 d5 27. cxd5 Rxd5
28. Qb3+ Rb5 29. Qxf7+ Ka8 30. Re6 Qc8 31. Rfe1 Rd8 32. b3 Ra5 33. Qg6 Rxa2 34.
Qe4+ Qb7 35. Qxb7+ Kxb7 36. R6e2 Rxe2 37. Rxe2 Rd3 38. Ne1 Rxb3 39. Kg1 a5 40.
g4 a4 41. Nc2 a3 42. g5 Bd8 43. Rd2 Bb6+ 44. Kf1 a2 45. Ke2 Rb2 46. Na1 Rxd2+
47. Kxd2 Bg1 0-1

[Event "English Senior 60+ Championship"]
[Site "Harrow High School"]
[Date "2016.04.08"]
[Round "5.7"]
[White "Dickson, George A"]
[Black "Phillips, William"]
[Result "1/2-1/2"]
[WhiteElo "2009"]
[BlackElo "1872"]
[PlyCount "70"]
[EventDate "2016.04.04"]
[EventType "swiss"]
[EventRounds "5"]
[EventCountry "ENG"]
[Source "John Saunders"]
[SourceDate "2016.04.28"]
[WhiteClock "0:26:28"]
[BlackClock "0:06:14"]

1. d4 Nf6 2. Bf4 e6 3. e3 b6 4. Nf3 Bb7 5. Be2 Be7 6. h3 c5 7. O-O O-O 8. Nbd2
Nc6 9. dxc5 Bxc5 10. Nb3 Be7 11. Bd6 Bxd6 12. Qxd6 Ne4 13. Qh2 d5 14. Rad1 Qd6
15. Qxd6 Nxd6 16. Nbd4 Nxd4 17. exd4 Bc6 18. Ne5 Bb5 19. Rfe1 Bxe2 20. Rxe2 Nc4
21. Nxc4 dxc4 22. c3 Rfd8 23. Re5 Rd5 24. f4 Rad8 25. Rde1 Rxe5 26. Rxe5 Rd5
27. Kf2 Kf8 28. Ke3 Ke7 29. Ke4 f5+ 30. Ke3 Kd6 31. h4 h5 32. g3 b5 33. a3 a5
34. Kf3 a4 35. Re2 Kd7 1/2-1/2

[Event "English Senior 60+ Championship"]
[Site "Harrow High School"]
[Date "2016.04.08"]
[Round "5.8"]
[White "Stimpson, Philip M"]
[Black "Gunn, Michael J"]
[Result "1-0"]
[WhiteElo "1978"]
[BlackElo "1645"]
[PlyCount "63"]
[EventDate "2016.04.04"]
[EventType "swiss"]
[EventRounds "5"]
[EventCountry "ENG"]
[Source "John Saunders"]
[SourceDate "2016.04.28"]

1. e4 e5 2. Nf3 d6 3. Bc4 Be7 4. d4 exd4 5. Nxd4 Nf6 6. Nc3 O-O 7. O-O Nbd7 8.
Nf5 Ne5 9. Nxe7+ Qxe7 10. Bb3 Bg4 11. f3 Bh5 12. Bg5 Ned7 13. Qd4 Qe8 14. Rad1
a6 15. Rfe1 h6 16. Bh4 Nh7 17. Nd5 g5 18. Nxc7 Qd8 19. Qxd6 gxh4 20. Nxa8 Qxa8
21. Qxd7 Qa7+ 22. Qd4 Qb8 23. Qd6 Qa7+ 24. Kh1 Qf2 25. Qd4 Qxd4 26. Rxd4 h3 27.
g4 Ng5 28. gxh5 Nxf3 29. Rg1+ Nxg1 30. Kxg1 Kg7 31. Rd7 b5 32. e5 1-0

[Event "Colin Crouch Intermediate 1st"]
[Site "Harrow High School"]
[Date "2016.04.04"]
[Round "1.1"]
[White "Balouka-Myers, Gabriel"]
[Black "Schmidt, Matthias"]
[Result "0-1"]
[WhiteElo "1624"]
[BlackElo "1974"]
[PlyCount "68"]
[EventDate "2016.04.04"]
[EventType "swiss"]
[EventRounds "5"]
[EventCountry "ENG"]
[Source "John Saunders"]
[SourceDate "2016.04.28"]

1. Nf3 Nf6 2. g3 g6 3. d4 Bg7 4. c4 O-O 5. Bg2 d6 6. Nc3 Nbd7 7. O-O c6 8. e4
e5 9. h3 Qb6 10. d5 c5 11. Ne1 a6 12. Nd3 Qc7 13. f4 Nh5 14. Kh2 exf4 15. gxf4
Nb6 16. Bf3 Nf6 17. e5 Ne8 18. exd6 Nxd6 19. Be3 Nbxc4 20. Bxc5 Nxb2 21. Bxd6
Qxd6 22. Nxb2 Bxc3 23. Qc1 Qf6 24. Rb1 Bf5 25. Nd1 Bxb1 26. Nxc3 Rac8 27. Qxb1
Qxf4+ 28. Kg1 Rxc3 29. Bg2 Qd4+ 30. Kh1 b5 31. Rd1 Qf2 32. d6 Rc2 33. Rg1 Rd2
34. Qb4 Rd8 0-1

[Event "Colin Crouch Intermediate 1st"]
[Site "Harrow High School"]
[Date "2016.04.04"]
[Round "1.2"]
[White "Mashayekh, Majid"]
[Black "Zheng, William"]
[Result "1-0"]
[WhiteElo "1937"]
[BlackElo "1589"]
[PlyCount "67"]
[EventDate "2016.04.04"]
[EventType "swiss"]
[EventRounds "5"]
[EventCountry "ENG"]
[Source "John Saunders"]
[SourceDate "2016.04.28"]

1. d4 e6 2. c4 Nf6 3. Nf3 d5 4. Bg5 Be7 5. e3 O-O 6. Nc3 a6 7. Qc2 dxc4 8. Bxc4
b5 9. Bd3 h6 10. Bh4 Bb7 11. Rc1 Nc6 12. Qe2 Na5 13. O-O Nd5 14. Bg3 Nc6 15.
Ne4 Ncb4 16. Bb1 Rc8 17. Ne5 Nb6 18. a3 N4d5 19. Nc5 Bxc5 20. dxc5 Na4 21. Rfd1
Qe7 22. Qc2 Nf6 23. b3 Be4 24. Nd3 Bd5 25. bxa4 bxa4 26. Qxa4 Rb8 27. Qh4 Bb3
28. Re1 Rfd8 29. Ne5 Bd5 30. Ng4 Rxb1 31. Rxb1 Qxc5 32. Nxf6+ gxf6 33. Qxf6 Rf8
34. Be5 1-0